1253 1360 1562 1309 1303 1007 1616 1605 1656 1727 1880 1491 1112 1352 1413 1618 1524 1916 1181 1179 1047 1243 1224 1553 1559 1859 1948 1687 1066 1682 1630 1145 1277 1241 1286 1943 1607 1996 1034 1712 1829 1031 1921 1837 1758 1467 1817 1543 1674 1552 1204 1294 1681 1643 1839 1308 1926 1444 1059 1834 1799 1205 1914 1709 1532 1549 1757 1547 1132 1152 1545 1639 1802 1317 1363 1678 1453 1777 1632 1955 1748 1900 1347 1942 1637 1451 1555 1653 1173 1216 1121 1698 1778 1942 1962 1573 1400 1213 1921 BCNSPRNW ULIB Ver.6.0+V

เปลี่ยนเป็นภาษาไทย

Change to English
 แสดงรายละเอียดบรรณานุกรม
  กลับหน้าหลัก

Brief Record : Get Marc (ISO 2709) : E-mail record : QR code < ปิดหน้าต่าง
LEADER : 00000nam 2200000uu 4500
001    13399111277
003     ULIB
008    110622s2550||||th 000 0 tha d
020    9748283070
050  0 QA76.73^bน658พ
100 0  นิรุธ อำนวยศิลป์
245 00 PHP How - to and Web-based Application Techniques/^cเขียนโดย นิรุธ อำนวยศิลป์
250    พิมพ์ครั้งที่ 2
260    กรุงเพทฯ:^bดวงกมลสมัย,^c2550
300    163 หน้า:^bภาพประกอบ
650  0 PHP
945    ^p179^l0^i18141
995    กัณชพร
999 ^a ใช้งานได้ทุกระบบ
รายการนี้ยังไม่มีแท็ก
คุณยังไม่ได้ล็อกอิน คุณสามารถมีกิจกรรมร่วมกับเว็บไซต์ได้ แต่ต้องล็อกอินก่อน ::
  ล็อกอิน

รายการสื่อสารสนเทศ

ลำดับที่ ประเภท เลขเรียก/บาร์โค้ด สถานที่ สถานะ
- ไม่พบข้อมูล -

รายการใกล้เคียง
    ผู้แต่ง [นิรุธ อำนวยศิลป์]

    หัวเรื่อง [PHP]

BibComment


ยังไม่เคยถูกคอมเมนท์

คอมเมนท์ทรัพยากรรายการนี้
  คอมเมนท์: PHP How to and W..


 Copyright 2026. Bcnsprnw @Library